J. Lal's the constitution of India

Bibliographic Details
Main Author: Ghosh, S. K. (Author)
Corporate Author: Lal, Jagdish. The constitution of India
Format: Book
Published: Allahabad, India : : Law Publishers , 1987
Edition:2nd ed.
Subjects:

MARC

LEADER 00000cam a2200000 7i4500
001 0000002944
005 20021118093000.0
008 021118n
090 0 0 |a JQ911   |b .G4 1987 
100 0 |a Ghosh, S. K. ,   |e author 
245 0 0 |a J. Lal's the constitution of India   |c by S. K. Ghosh 
250 |a 2nd ed. 
260 2 |a Allahabad, India : :   |b Law Publishers ,   |c 1987 
300 |a 448 p. ; ;   |c 25 cm. 
501 |a Includes index 
651 0 |a India   |x Constitution 
710 0 0 |a Lal, Jagdish. The constitution of India 
999 |a 1000021058   |b Book   |c OPEN SHELF (30 DAYS)   |e Gong Badak Campus